• 首页
  • 本馆介绍
  • 公告通知
  • 最新文献
  • 馆藏检索
  • 电子资源
  • 读者导购
  • 参考咨询
  • 我的图书馆
  • 登录
  • 详细信息显示
  • 放入我的书架
  • 预约/预借图书
  • 作者相关作品
  • 分类相关作品
  • 丛书相关作品
  • 出版社相关作品

书目信息

  • 表格格式
  • 工作单格式
  • 卡片格式
题名:
呼吸四病问答
    
 
作者: 宋守忠 编写
分册:  
出版信息: 北京   科学普及出版社  1981
页数: 112页
开本: 19cm
丛书名: 家庭医学顾问丛书
单 册:
中图分类: R56-44 , R56
科图分类:
主题词: 呼吸系统疾病--问答
电子资源:
ISBN:
000 00698oam2 2200253 450
001 1572272479
005 20150131200514.03
010    @dCNY0.34
091    @a14051.1021
100    @a19950623d1981 em y0chiy0110 ea
101 0  @achi
102    @aCN@b110000
105    @ay z 000yy
200 1  @a呼吸四病问答@9hu xi si bing wen da@e——感冒支气管炎肺气肿肺心病@f宋守忠编写
210    @a北京@c科学普及出版社@d1981
215    @a112页@d19cm
225 2  @a家庭医学顾问丛书@v3
461  0 @12001 @a家庭医学顾问丛书
606 0  @a呼吸系统疾病@x问答
690    @aR56-44@v5
690    @aR56@v4
701  0 @a宋守忠@9song shou zhong@4编写
801  0 @aCN@bTSSF@c20150131
905    @aZUCC@dR56@eJY4:3
    
    呼吸四病问答:——感冒支气管炎肺气肿肺心病/宋守忠编写.-北京:科学普及出版社,1981
    112页;19cm.-(家庭医学顾问丛书;3)
    
    
    ISBN :CNY0.34
    
●
相关链接 在E读中查询图书 在五车中查询图书 在当当中查询图书 在豆瓣中查询图书


正题名:呼吸四病问答     索取号:R56/JY4:3         预约/预借

序号 登录号 条形码 馆藏地/架位号 状态 备注
1 7863355   278633551   学院路分馆/ [索取号:R56/JY4:3] 在馆    
唐山师范学院图书馆 欢迎您!
大连网信软件有限公司© 版权所有